00527caa a22001332a 4500001000900000003001100009008004300020100001800063245008500081300001400166500008900180546001300269773011100282 004971 AR-FADEU 311216n########xxu####################dd aHalle, Morris aThe russian declemsion : an illustration of the theory of distributed morphology aPP. 29-60 aEn: Perspectives in phonology /ed. Jennifer Cole. Stanford : CSLI publications, 1994 aInglés0 010791aCole, JenniferbdStanfordo02930tPerspectives in phonologyw( AR-FADEU) 004969xz1-881526-54-2